Winter Olympic Games - Top countries in each event - Statistics

General Stats
  • This quiz has been taken 190 times
  • The average score is 12 of 15
Answer Stats
Event Country % Correct
Ice hockey Canada
93%
Alpine skiing Austria
91%
Curling Canada
91%
Nordic combined Norway
91%
Cross-country skiing Norway
88%
Figure skating Russia/Soviet Union
88%
Freestyle skiing United States
86%
Bobsleigh Germany
85%
Snowboarding United States
85%
Biathlon Germany
81%
Luge Germany
77%
Skeleton United States
73%
Speed skating Netherlands
71%
Ski jumping Finland
67%
Short track speed skating South Korea
63%
No matching quizzes found
Score Distribution
Percent of People with Each Score
Percentile by Number Answered
Your Score History
You have not taken this quiz